000 01240nam a2200277 i 4500
001 184381
003 ES-MaACL
005 20230906222159.0
008 150731s1986 mx |||| | lat d
080 _a821.124-14"-00"
100 1 _aOvidio Nasón, Publio.
_988013
245 1 0 _aFastos.
_pLibros IV-VI /
_cPublio Ovidio Nasón ; introducción, versión rítmica y notas de José Quiñones Melgonza.
246 3 _aP. Ovidii Nasonis fastorum.
_pLibri IV-VI
250 _a1ª ed.
260 _aMéxico, D.F. :
_bUniversidad Nacional Autónoma de México,
_c1986.
300 _aLXXVIII, 88 dupl., p. LXXXI-CXCVIII ;
_c21 cm.
490 1 _aBibliotheca scriptorum graecorum et romanorum mexicana
500 _aÍndice de nombres.
505 8 _aContiene: Introducción (p. XIII-LXXIII) - ;
_tFastos de Ovidio (p. 88 dupl.) - Notas al texto latino (p. LXXXI-C) - Notas al texto español (p. CI-CLXXXIV)
546 _aTexto paralelo en latín y español.
700 1 _aQuiñones Melgoza, José.
_9157164
710 2 _aUniversidad Nacional Autónoma de México.
_97397
830 0 _aBibliotheca scriptorum graecorum et romanorum mexicana
_9191887
852 _aES-MaACL
_jL-30133
_z.- Donat. Miguel A. Velasco
999 _c184381
_d184381